000 00676nam a22001937a 4500
999 _c182533
_d182533
005 20220216120521.0
010 _aENG-130114
020 _a978-93-8651-593-3
_c629.00
035 _aEN-113646
037 _bDBAD/PUB
082 _a346.54072
100 _aMulla, Dinshah Fardunji
245 _aMulla The Sale of Goods Act & The Indian Partnership Act:
_cDinshah Fardunji Mulla, K. Kannan
250 _a11th
260 _aGurgaon
_bLexis Nexis
_c2019
270 _a14th floor, Building No.10, Tower-B, DLF Cyber City, Phase-II
_bGurgaon
_e122002
300 _axlvii, 383p.
_c24cm (pbk)
_bGeneral Contents, Subject Index
942 _2ddc
_cEN
_h346.54072
_mMUL